[Event "HCL-C4065"]
[Site "www.playchess.de"]
[Date "2006.01.21"]
[Round "19"]
[White "Viking"]
[Black "nico21"]
[WhiteElo "601"]
[BlackElo "1472"]
[PlyCount "125"]
[Result "1-0"]

1.Nf3 Nf6 2.g3 Nc6 3.Bg2 e5 4.O-O d5 5.c4 Bc5 
6.cxd5 Nxd5 7.e3 Bg4 8.Qa4 O-O 9.Qxg4 Ncb4 10.a3 
Nc6 11.d3 Nf6 12.Qf5 Bd6 13.e4 Qd7 14.Bh3 Qxf5 
15.exf5 Rfe8 16.Re1 Nd4 17.Nxd4 exd4 18.Rd1 h6 
19.Nd2 Rad8 20.Nc4 Bf8 21.a4 Bb4 22.Bd2 Bxd2 
23.Rxd2 c5 24.Bg2 b6 25.Rc1 Re7 26.Bf3 Rde8 27.Kf1 
Kf8 28.Nd6 Rd8 29.Ne4 Nxe4 30.dxe4 Ree8 31.Kg2 a6 
32.b3 Rdb8 33.Kh3 b5 34.Rxc5 Red8 35.e5 bxa4 
36.bxa4 Rb4 37.Ra5 Re8 38.Bh5 Ra8 39.e6 fxe6 
40.fxe6 Ke7 41.Bf7 Ra7 42.Ra2 d3 43.Rd5 Rb3 44.a5 
Rab7 45.Rd2 R7b5 46.Rd7+ Kf6 47.Bg8 R5b8 48.Bf7 
R8b5 49.R2xd3 Rxd3 50.Rxd3 Rxa5 51.Kh4 Ra2 52.Rf3+ 
Ke7 53.Kh5 Ra5+ 54.Kg6 Rg5+ 55.Kh7 a5 56.h4 Rg4 
57.Bg8 a4 58.Rc3 Kd8 59.Rd3+ Ke8 60.Bf7+ Ke7 
61.Rd7+ Kf8 62.Bg6 Re4 63.Rf7+ 1-0

[Event "HCL-B3804"]
[Site "www.playchess.de"]
[Date "2006.01.21"]
[Round "12"]
[White "ulibear"]
[Black "PhilipKaveny"]
[WhiteElo "1264"]
[BlackElo "1372"]
[PlyCount "63"]
[Result "1/2-1/2"]

1.Nf3 {hello again .. Happy New year and good 
luck}  d5 {Happy New year to you also my friend}  
2.d4 {thxs}  e6 3.c4 c6 4.e3 Bd6 5.Nc3 Nf6 6.c5 
Bc7 7.b4 O-O 8.Bd3 h6 9.O-O b6 10.cxb6 axb6 11.Bb2 
c5 12.bxc5 bxc5 13.dxc5 Ba6 14.Bxa6 Nxa6 15.Na4 
Ba5 16.Bd4 Nb4 17.a3 Nc6 18.Nc3 Re8 19.Nb5 Nxd4 
20.exd4 Ne4 21.Ne5 Rb8 22.Nc6 Qd7 23.Nba7 Rba8 
24.Nxa5 Rxa7 25.Nb3 Rea8 26.Qc1 Qc6 27.f3 Nf6 
28.Nd2 R7a4 29.Qc3 Nh5 30.g3 Qc7 31.Ra2 {still 
very difficult, but I'm feeeling better when I 
look at my protected c-pawn who might have the 
marshal's baton in his bag, to quote Napoleon :-)} 
 Nxg3 {As Frederick the great said "I am 
surrounded I must attack}  32.hxg3 {(offering 
draw) Fredrick the Great was surrounded all his 
life, and his statement was pitifully taken too 
seriously in later politics; well you have a draw 
by repetition, and I had seen some chance of your 
knight jump, but thought you'd play for a win on} 
 1/2-1/2

[Event "HCL-B3805"]
[Site "www.playchess.de"]
[Date "2006.01.21"]
[Round "8"]
[White "Kannsnich"]
[Black "RUDI"]
[WhiteElo "1199"]
[BlackElo "1288"]
[PlyCount "101"]
[Result "1-0"]

1.c4 {auch mal wieder da}  e5 {Grüße ins Westend!} 
 2.Nc3 {servus}  Nc6 3.Nf3 Bc5 4.Nxe5 Nxe5 5.d4 
Bb4 6.dxe5 Bxc3+ 7.bxc3 f6 8.exf6 Nxf6 9.Bg5 d6 
10.f3 h6 11.Bxf6 Qxf6 12.Qd4 O-O 13.e4 b6 14.O-O-O 
Bb7 15.Be2 a5 16.Rhe1 Qe7 17.Kb1 Qe8 18.Bd3 Kh8 
19.Bc2 Ba6 20.Qd3 Qe5 21.h3 Rab8 22.Ka1 Rfd8 
23.Bb3 Rdf8 24.Qd4 Rbe8 25.Qxe5 dxe5 26.Rd7 Rec8 
27.Red1 Bb7 28.Kb2 Bc6 29.Re7 Rfe8 30.Rxe8+ Rxe8 
31.Kc1 Kh7 32.Kd2 h5 33.h4 Rd8+ {(offering draw) 
hier kommen wir beide nicht mehr durch. Du hast 
zwar einen Bauer mehr, aber auch einen 
Doppelbauer. Was denkst Du?}  34.Ke3 {hm ich kann 
noch versuchen auf gewinn zu spielen ich muß mich 
für die letzte partie rächen in der du mich 
zerhauen hast}  Rxd1 {also DICH hab ich nicht 
verhauen, aber schön, ich lass Dich einfach nicht 
hier durch...}  35.Bxd1 {doch und wie du mich 
verhauen hast in einer anderen partie(c-klassen 
tunier)}  Kh6 {das ist doch schon verjährt! 
Inzwischen bin ich zweimal ab und aufgestiegen.}  
36.a3 {ja es war im letzten jahr.also neues jahr 
neues glück für mich hoffentlich}  g5 37.hxg5+ 
Kxg5 38.g3 Bd7 39.Be2 c5 40.Bf1 Be6 41.f4+ exf4+ 
42.gxf4+ Kf6 43.Kf3 Bg4+ 44.Kg3 Bd7 45.Be2 Bg4 
46.Bxg4 {was ist das für ein zug das ist ja die 
kapitulation}  hxg4 {tja, anders rum wäre es auch 
nicht besser gelaufen mit zwei frei laufenden 
Bauern. Demnächst werde ich mich halt zurückziehen 
und auf das nächst Mal hoffen}  47.Kxg4 Ke6 48.Kf3 
{tja aber tröste dich meine weiß bilanz ist 
glänzend}  Kf6 49.Kg4 {ja und jetzt verschenke ich 
noch tempos aber egal spielst du eigentlich im 
verein ?}  Ke6 {nein, ich habe auch von den 
Taktiken keinen blassen Schimmer}  50.Kg5 {ja ich 
dräng dich einfach ab.ich selber spiel bei 
fasanerie nord im verein}  Kf7 {aha, deshalb hast 
Du Dich so verbessert. Ich resigne demnächst, 
wenn`s recht ist.}  51.Kf5 {bis zum nächsten mal} 
 1-0

[Event "HCL-B3802"]
[Site "www.playchess.de"]
[Date "2006.01.21"]
[Round "5"]
[White "Kannsnich"]
[Black "taroak"]
[WhiteElo "1206"]
[BlackElo "1450"]
[PlyCount "52"]
[Result "0-1"]

1.c4 c5 2.Nc3 g6 3.Nf3 Nc6 4.g3 Bg7 5.Bg2 Nf6 
6.O-O O-O 7.d4 cxd4 8.Nxd4 Nxd4 9.Qxd4 d6 10.Qd3 
Bf5 11.e4 Be6 12.b3 Qa5 13.Bd2 Rfc8 14.Rac1 a6 
15.Nd5 Qd8 16.Bc3 Bxd5 17.exd5 Nd7 18.Rfe1 b5 
19.Bxg7 Kxg7 20.Qe3 Ne5 21.f4 Ng4 22.Qxe7 Qb6+ 
23.Kh1 Nf2+ 24.Kg1 Nh3+ 25.Kh1 Qg1+ 26.Rexg1 
Nf2+ 0-1

[Event "HCL-A2533"]
[Site "www.playchess.de"]
[Date "2006.01.21"]
[Round "2"]
[White "taroak"]
[Black "micimaci"]
[WhiteElo "1458"]
[BlackElo "1900"]
[PlyCount "55"]
[Result "0-1"]

1.e4 e6 {e6}  2.d4 d5 {d5}  3.Nc3 Bb4 4.e5 c5 {c5} 
 5.Bd2 cxd4 {c5xd4}  6.Nb5 Bc5 {Bb4-c5}  7.Nf3 Nc6 
{Nc6}  8.Bf4 Qb6 {Qd8-b6}  9.Nd6+ Bxd6 {Bc5xd6}  
10.exd6 Qxb2 {Qb6xb2}  11.Bd3 f6 {f7-f6}  12.O-O 
e5 {e6-e5}  13.Rb1 Qxa2 {b2xa2}  14.Re1 Kf8 
{Ke8-f8}  15.Qe2 e4 16.Rba1 Qb2 {Qa2-b2}  17.Bxe4 
dxe4 {d5xe4}  18.d7 Bxd7 {Bc8xd7}  19.Bd6+ Kf7 
{Kf8-f7}  20.Rab1 Qa2 {Qb2-a2}  21.Rxb7 Qe6 
{Qa2-e6}  22.Ba3 Nge7 {Ng8-e7}  23.Qb5 Rhb8 
{Nh8-b8}  24.Bxe7 Rxb7 {Rb8xb7}  25.Qxb7 Rb8 
{Ra8-b8}  26.Qc7 Qxe7 {Qe6xe7}  27.Nxd4 Rc8 
{Rb8-c8}  28.Qb7 0-1

[Event "HCL-M876"]
[Site "www.playchess.de"]
[Date "2006.01.21"]
[Round "4"]
[White "PamperedPawn"]
[Black "DANTONIFAYARD"]
[WhiteElo "2389"]
[BlackElo "1693"]
[PlyCount "51"]
[Result "1-0"]

1.e4 {Welcome!}  c5 {THANKS!!!}  2.Nf3 e6 3.Nc3 a6 
4.d4 cxd4 5.Qxd4 Nc6 6.Qd2 Qc7 7.Be2 Nf6 8.O-O b5 
9.a3 Bb7 10.Rd1 Bc5 11.Qg5 Bf8 12.e5 h6 13.Qg3 Nh7 
14.Ne4 Rg8 15.Bd3 f5 16.Qg6+ Ke7 17.Nd6 Nxe5 
18.Nxe5 Nf6 19.Nef7 Qc6 20.Nxb7 Qxb7 21.Bf4 d5 
22.Rde1 Ne4 23.Bxe4 fxe4 24.Rxe4 dxe4 25.Rd1 Rc8 
26.Ng5 1-0

[Event "HCL-E1542"]
[Site "www.playchess.de"]
[Date "2006.01.21"]
[Round "5"]
[White "Josef1901"]
[Black "Mosaik"]
[WhiteElo "1562"]
[BlackElo "1816"]
[PlyCount "80"]
[Result "1/2-1/2"]

1.d4 Nf6 2.c4 g6 3.Nc3 Bg7 4.e4 d6 5.f3 O-O 6.Be3 
e5 7.d5 Ne8 8.Qd2 f5 9.Nge2 Nf6 10.Bh6 f4 11.Bxg7 
Kxg7 12.Nc1 Nh5 13.Nd3 Qh4+ 14.Nf2 Nd7 15.Bd3 a6 
16.O-O-O b6 17.Rdg1 Qe7 18.Be2 a5 19.g3 Rh8 20.g4 
Nhf6 21.h4 Bb7 22.Nh3 Rag8 23.Ng5 Nf8 24.Bd1 h6 
25.Nh3 Ba6 26.b3 N6d7 27.a4 Nc5 28.Nf2 Nfd7 29.Nd3 
Nxd3+ 30.Qxd3 Nc5 31.Qf1 Bb7 32.Kb2 Na6 33.Be2 c5 
34.Nb5 {(offering draw)}  Nb4 35.Qf2 Ba6 36.Nc3 
Rgd8 37.Na2 Rdb8 38.Nxb4 {(offering draw)}  axb4 
39.Qg2 Qc7 40.Rga1 Qd8 {(offering draw)} 
 1/2-1/2

[Event "HCL-B3793"]
[Site "www.playchess.de"]
[Date "2006.01.21"]
[Round "18"]
[White "djpnola"]
[Black "evets"]
[WhiteElo "1173"]
[BlackElo "1445"]
[PlyCount "120"]
[Result "0-1"]

1.f4 d5 2.h3 Nf6 3.Nc3 c5 4.e3 Nc6 5.d4 e6 6.Bb5 
Ne4 7.Nxe4 dxe4 8.Ne2 Bd7 9.O-O cxd4 10.Bxc6 Bxc6 
11.Nxd4 Bc5 12.Nxc6 bxc6 13.Qxd8+ Rxd8 14.c3 Rd3 
15.Re1 O-O 16.b4 Be7 17.Bb2 Rd2 18.Rab1 Bh4 
19.Red1 Bf2+ 20.Kf1 Bxe3 21.Rxd2 Bxd2 22.g3 Rd8 
23.Rd1 e3 24.Bc1 Rd3 25.Bxd2 exd2 26.Ke2 Rxc3 
27.Rxd2 Kf8 28.Rd8+ Ke7 29.Rb8 Rxg3 30.Rb7+ Kf6 
31.Rxa7 Rxh3 32.a4 Rb3 33.Rb7 h5 34.a5 h4 35.Kf2 
h3 36.Kg1 Rb2 37.a6 Ra2 38.a7 Kg6 39.Rc7 Kf6 
40.Rxc6 Rxa7 41.Kh2 Kf5 42.Rc4 Ra3 43.b5 Rb3 44.b6 
Kg4 45.b7 Rb2+ 46.Kh1 Rxb7 47.f5+ Kxf5 48.Kh2 f6 
49.Kxh3 g5 50.Rc3 Rb4 51.Rf3+ Rf4 52.Rxf4+ Kxf4 
53.Kg2 g4 54.Kf2 g3+ 55.Kg2 e5 56.Kf1 Kf3 57.Kg1 
f5 58.Kf1 g2+ 59.Kg1 e4 60.Kh2 Kf2 {Mate in 3.} 
 0-1

[Event "HCL-B3815"]
[Site "www.playchess.de"]
[Date "2006.01.21"]
[Round "2"]
[White "Felipe_Lungov"]
[Black "djpnola"]
[WhiteElo "1260"]
[BlackElo "1144"]
[PlyCount "105"]
[Result "1-0"]

1.d4 {hi, and good luck}  d5 {You, 
too.
}  2.c4 Nf6 3.cxd5 Nxd5 4.e4 Nb4 5.Qa4+ N4c6 6.d5 
Bd7 7.dxc6 Bxc6 8.Bb5 Bxb5 9.Qxb5+ c6 10.Qxb7 Nd7 
11.Bf4 e5 12.Be3 Qa5+ 13.Bd2 Qb6 14.Qxa8+ Nb8 
15.Bc3 Bc5 16.Nh3 O-O 17.Bxe5 Nd7 18.Qxf8+ Kxf8 
19.Bc3 Bd4 20.Bxd4 Qxd4 21.Nc3 Ne5 22.O-O Ng4 
23.Rad1 Qb6 24.Rd2 g6 25.Nf4 Qc7 26.Nce2 g5 27.h3 
Nf6 28.Nd3 Nxe4 29.Rc2 h5 30.Rfc1 Qd6 31.Nc5 Nd2 
32.Na6 g4 33.R2xc6 Qd3 34.Nf4 Nf3+ 35.gxf3 Qxf3 
36.hxg4 Qxg4+ 37.Ng2 h4 38.R6c4 Qe2 39.Nxh4 Qh5 
40.R4c8+ Kg7 41.R1c4 Qd1+ 42.Kg2 Qd5+ 43.Nf3 Qh5 
44.Kg3 f6 45.R8c7+ Kf8 46.Rh4 Qg6+ 47.Kh2 Qf7 
48.Rh8+ Kg7 49.Rxf7+ Kxf7 50.Kg3 Kg7 51.Rc8 f5 
52.Kf4 Kf6 53.Rc6+ 1-0

[Event "HCL-B3632"]
[Site "www.playchess.de"]
[Date "2006.01.21"]
[Round "9"]
[White "bossjos"]
[Black "jsaemi"]
[WhiteElo "1338"]
[BlackElo "1455"]
[PlyCount "83"]
[Result "1-0"]

1.e4 e5 2.Nf3 Nc6 3.Bc4 Bc5 4.c3 Nf6 5.d4 exd4 
6.e5 Ng4 7.Bxf7+ Kxf7 8.Ng5+ Ke8 9.Qxg4 Nxe5 
10.Qe4 Qe7 11.O-O dxc3 12.Nxc3 c6 13.Re1 d6 14.Na4 
Bb6 15.Nxb6 axb6 16.f4 h6 17.fxe5 hxg5 18.Qg6+ Kd7 
19.Bxg5 Rh6 20.Bxh6 gxh6 21.exd6 Qxd6 22.Qxd6+ 
Kxd6 23.Rad1+ Kc5 24.Re5+ Kc4 25.Rd8 b5 26.Ree8 
Rxa2 27.Rdxc8 Rxb2 28.Rcb8 Rb1+ 29.Kf2 Rb2+ 30.Re2 
Rxe2+ 31.Kxe2 b4 32.Rxb7 b3 33.Kd2 c5 34.h4 h5 
35.Rh7 Kb4 36.Kc1 c4 37.Rxh5 c3 38.Rh8 Kc4 39.Rc8+ 
Kd3 40.h5 b2+ 41.Kb1 Kd2 42.h6 1-0

[Event "HCL-B3833"]
[Site "www.playchess.de"]
[Date "2006.01.21"]
[Round "19"]
[White "Skipper_Robert"]
[Black "djpnola"]
[WhiteElo "1044"]
[BlackElo "1162"]
[PlyCount "58"]
[Result "0-1"]

1.e4 e5 2.Nf3 Nc6 3.d4 Bd6 4.Be2 Nf6 5.Bg5 exd4 
6.Nxd4 Be5 7.c3 d5 8.f3 dxe4 9.Qc2 Nxd4 10.cxd4 
Qxd4 11.Nc3 exf3 12.Bxf3 Bxh2 13.Rd1 Qe5+ 14.Qe2 
Bg3+ 15.Kf1 Qxe2+ 16.Kxe2 O-O 17.Bxf6 gxf6 18.Ne4 
Re8 19.Kd2 Rd8+ 20.Ke3 Re8 21.Kd2 Bf4+ 22.Kc2 Bf5 
23.Rhe1 Bxe4+ 24.Bxe4 Rad8 25.Bxb7 Rxd1 26.Rxd1 
Re2+ 27.Kb1 Be5 28.Rd7 Rxb2+ 29.Kc1 
Rxb7 0-1

[Event "HCL-T258"]
[Site "www.playchess.de"]
[Date "2006.01.21"]
[Round "10"]
[White "stevetilbury"]
[Black "Emerson"]
[WhiteElo "1562"]
[BlackElo "1817"]
[PlyCount "48"]
[Result "1/2-1/2"]

1.b4 e5 {welcome and greetings from 
dortmund/germany!}  2.Bb2 {With a welsh flag! good 
evening from london - look forward to the game}  
f6 {i found the welsh dragon very nice - and i 
once spend some weeks in this lovely part of great 
britain...}  3.e4 {Yes - still very undeveloped in 
a lot of parts of the country}  Qe7 {that´s right 
- but rather nice...
you do not like Wales?}  4.a3 {Yes - I was born in 
the North West of England and like the wild 
unspoilt countryside}  Nh6 {That must be nice 
there where you were born. A friend of mine was 
there some years ago. My wife and I spend our 
holiday often in Bretagne (=Brittany?)/France...}  
5.Nf3 {I've only visted Paris in France, but I 
guess that Brittany is similar to the south west 
of England,

Cornwall and Devon}  g6 6.Bc4 d6 {yes it is, the 
north (Finistere) is wilder than the south 
(Morbihan).}  7.h3 {That sounds about right. 
Finisterre is one of the areas in the shipping 
forecast on the radio - usually windy}  Be6 {in 
which town do you live now?}  8.Qe2 {I live in 
London now since 1991}  Bg7 {o, I think London 
must be a nice city -I still never was in London  
:-(}  9.Nc3 {its interesting, many places to visit 
- but tiring to live in}  c6 {that´s it - the 
great cities are rather loud and unquiet. We live 
in the south of Dortmund, 5 minutes from our home 
begins the wood. Very nice. By car I have only to 
go 10 minutes to the city.}  10.O-O {By car I can 
get to the countryside in about 15 minutes, 
however in London I tend to use public transport}  
Nd7 {what is your profession? I am teacher, since 
1980.}  11.d4 {I have worked in IT since 1977. 
What subject do you teach}  Bf7 {My subjects are 
literature, history and philosophy. What is IT? 
Italy?}  12.Bxf7+ {Information Technology}  Nxf7 
{ahh... /   :-)}  13.Na4 O-O {IT = 
telecommunication, for example?}  14.c4 {Computer 
analyst/programmer}  exd4 {Oh, that´s a very 
complicated and difficult "field". I have a friend 
who has written computer programms -it´s a lot of 
work and cleverness is necessary!}  15.Nxd4 Rae8 
16.Rae1 {I work on the old mainframes - programs 
are mainly commercial and fairly easy to follow.}  
Nh6 {hello, during the next weeks I have some 
stress in my job, because I have to substitute a 
sick college. During the last weekend I had to 
prepare the topic "European Industrialization" in 
the 19th century. Puhh...}  17.Nf3 {I  remember 
studying the Industrial Revolution in Britain when 
I was at school. European History consisted of 
Garibaldi, Franco-Prusssian War etc.}  Rf7 {Very 
interesting - the life of Garibaldi. Tomorrow the 
topic of my hstory lesson is Adam Smith (you will 
surely know him).}  18.Bd4 {The Wealth of Nations} 
 c5 {correct! we had an interesting discussion!}  
19.Bc3 f5 20.Bxg7 Kxg7 21.Qb2+ Qf6 22.exf5 Rxe1 
23.Rxe1 Qxb2 24.Nxb2 Nxf5 {(offering draw)} 
 1/2-1/2

[Event "HCL-C4015"]
[Site "www.playchess.de"]
[Date "2006.01.21"]
[Round "2"]
[White "Chilov"]
[Black "thetruth1985"]
[WhiteElo "800"]
[BlackElo "800"]
[PlyCount "43"]
[Result "1-0"]

1.e4 c5 2.Nf3 d6 3.c3 Nf6 4.d3 g6 5.Bg5 Bg7 6.Be2 
O-O 7.O-O b6 8.Bxf6 Bxf6 9.d4 Nd7 10.Nbd2 Bb7 
11.h3 Qc7 12.d5 Ne5 13.Nxe5 Bxe5 14.Nf3 Bg7 15.Nh4 
Qd7 16.Bg4 Qb5 17.Rb1 Ba6 18.Qd2 Qd3 19.Qc1 Qxe4 
20.Re1 Qxd5 21.Bf3 Qg5 22.Qxg5 1-0

[Event "HCL-A2567"]
[Site "www.playchess.de"]
[Date "2006.01.21"]
[Round "4"]
[White "wbaldan"]
[Black "Macko"]
[WhiteElo "1700"]
[BlackElo "1766"]
[PlyCount "46"]
[Result "0-1"]

1.e4 Nc6 2.Nf3 e6 3.d4 d5 4.e5 a6 5.Bd3 Nb4 6.O-O 
c5 7.Bg5 Qb6 8.Nc3 cxd4 9.Nxd4 Nxd3 10.Qxd3 Qxb2 
11.Rab1 Qa3 12.Ndb5 axb5 13.Qxb5+ Bd7 14.Qxb7 f6 
15.exf6 gxf6 16.Nxd5 exd5 17.Rfe1+ Be7 18.Rxe7+ 
Nxe7 19.Bxf6 O-O 20.Bd4 Qxa2 21.Re1 Qa4 22.Qb2 Nc6 
23.Bc5 Qa5 0-1

[Event "HCL-A2544"]
[Site "www.playchess.de"]
[Date "2006.01.21"]
[Round "3"]
[White "FighterFights"]
[Black "yannick"]
[WhiteElo "1887"]
[BlackElo "1588"]
[PlyCount "59"]
[Result "1-0"]

1.c4 e5 2.Nf3 e4 3.Nd4 Nf6 4.Nc3 c5 5.Nb3 d6 6.d4 
Nc6 7.dxc5 dxc5 8.Qxd8+ Nxd8 9.Bg5 Be7 10.h3 Ne6 
11.Bh4 O-O 12.O-O-O g5 13.Bg3 b6 14.e3 Bb7 15.Be2 
Rfd8 16.h4 Rxd1+ 17.Rxd1 gxh4 18.Bxh4 h6 19.f4 Re8 
20.g4 Nxg4 21.Bxe7 Nxe3 22.Rg1+ Ng7 23.Bf6 Nef5 
24.Nd5 Bxd5 25.cxd5 Kf8 26.d6 Ne6 27.d7 Rb8 28.Bg4 
Nd6 29.Bxe6 Nb7 30.Bd5 1-0

[Event "HCL-B3808"]
[Site "www.playchess.de"]
[Date "2006.01.21"]
[Round "6"]
[White "The_Iceman75"]
[Black "azary"]
[WhiteElo "1473"]
[BlackElo "1201"]
[PlyCount "43"]
[Result "1-0"]

1.e4 {Good luck to you}  c5 2.c3 e6 {and to you 
too}  3.d4 cxd4 4.cxd4 Qb6 5.Nf3 Nf6 6.Bd3 Nc6 
7.O-O Nxd4 8.Nxd4 Qxd4 9.Nc3 Qe5 10.Be3 Be7 11.f4 
Qa5 12.e5 Bc5 13.Bxc5 Qxc5+ 14.Kh1 Nd5 15.Ne4 Qd4 
16.Nd6+ Ke7 17.Qh5 g6 18.Qh4+ Kf8 19.Qh6+ Ke7 
20.Qg7 Rf8 21.Rad1 Rb8 22.Bb5 1-0

[Event "HCL-B3824"]
[Site "www.playchess.de"]
[Date "2006.01.21"]
[Round "4"]
[White "fire-serpent"]
[Black "nichju"]
[WhiteElo "1078"]
[BlackElo "932"]
[PlyCount "42"]
[Result "1-0"]

1.e4 e5 2.Nf3 Nc6 3.Bb5 a6 4.Ba4 Nf6 5.O-O Nxe4 
6.d4 exd4 7.Re1 d5 8.Nxd4 b5 9.Nxc6 Bd7 10.Nxd8 
Rxd8 11.Bb3 Bb4 12.c3 Bc5 13.Be3 Bxe3 14.Rxe3 c6 
15.f3 O-O 16.fxe4 Rfe8 17.Qf3 a5 18.exd5 cxd5 
19.Bxd5 Re7 20.Rxe7 b4 21.Qxf7+ 
Kh8 1-0

[Event "HCL-B3801"]
[Site "www.playchess.de"]
[Date "2006.01.21"]
[Round "8"]
[White "Varaboca"]
[Black "Snillie"]
[WhiteElo "1039"]
[BlackElo "1467"]
[PlyCount "160"]
[Result "0-1"]

1.e4 {Salud and good luck.}  d6 2.d4 Nf6 3.Bb5+ c6 
4.Bd3 e5 5.dxe5 dxe5 6.Nf3 Bg4 7.O-O Bc5 8.h3 Bh5 
9.g4 Bg6 10.Nc3 Nbd7 11.a3 O-O 12.b4 Bb6 13.Na4 
Qe7 14.Nxb6 Nxb6 15.Re1 Rad8 16.Nd2 Na4 17.Qf3 h5 
18.Kg2 Qe6 19.Bc4 Qc8 20.Bb3 Nb6 21.c4 hxg4 
22.hxg4 Qxg4+ 23.Qxg4 Nxg4 24.Nf3 Rd3 25.Ba2 Rfd8 
26.c5 Na4 27.Bb1 R3d1 28.Bc2 Rxe1 29.Nxe1 Nc3 
30.f3 Nf6 31.Bb2 Nb5 32.Kf1 Nd7 33.Rd1 f6 34.a4 
Nc7 35.Kf2 Kf7 36.Bb3+ Ke7 37.Kg2 Nf8 38.Rxd8 Kxd8 
39.Nd3 Nfe6 40.Bd1 Ke7 41.Kg3 Ng5 42.Nf2 Bf7 
43.Nd3 Bc4 44.Nf2 Nce6 45.Ng4 Nf4 46.Kh2 Ke6 
47.Ne3 Ba2 48.Nf5 g6 49.Nd6 b6 50.Nb7 Bc4 51.Bc1 
Ba6 52.Nd6 bxc5 53.bxc5 Ke7 54.Be3 Nd3 55.Be2 Nxc5 
56.Nb5 Nxa4 57.Nxa7 Bxe2 58.Nxc6+ Kd6 59.Nxe5 Kxe5 
60.f4+ Kxe4 61.fxg5 Kxe3 62.gxf6 Bc4 63.Kg3 Nb6 
64.Kg4 Nd7 65.Kg5 Nxf6 66.Kxg6 Ne4 67.Kg7 Kf4 
68.Kg6 Kg4 69.Kg7 Kg5 70.Kf8 Kf6 71.Ke8 Nc5 72.Kd8 
Ke6 73.Kc7 Nd7 74.Kc6 Ke7 75.Kc7 Bb5 76.Kb7 Kd8 
77.Ka7 Kc7 78.Ka8 Nb6+ 79.Ka7 Nc8+ 80.Ka8 
Bc6+ 0-1

[Event "HCL-C4020"]
[Site "www.playchess.de"]
[Date "2006.01.21"]
[Round "6"]
[White "Mercator"]
[Black "Kelthek"]
[WhiteElo "1041"]
[BlackElo "597"]
[PlyCount "74"]
[Result "0-1"]

1.d4 {Nice game for you}  d5 2.c4 c5 {Viel 
glueck!}  3.cxd5 Nf6 4.Nc3 Nxd5 5.e4 Nb4 6.a3 Qxd4 
7.axb4 Qxb4 8.Bb5+ Bd7 9.Ra4 Nc6 10.Rxb4 Rd8 
11.Bxc6 Bxc6 12.Qb3 e6 13.Rxb7 Bxb7 14.Qxb7 Bd6 
15.Qxa7 O-O 16.Nf3 Bb8 17.Qxc5 Bd6 18.Qe3 Rda8 
19.O-O Ra5 20.Bd2 Rc8 21.Rc1 g6 22.Qb6 Rac5 23.Ne2 
Rb8 24.Qa7 Rbc8 25.Rxc5 Bxc5 26.Ne5 Bxa7 27.Kf1 
Rb8 28.b4 Rc8 29.f3 Rc2 30.Bh6 Rb2 31.Ng1 Rb1+ 
32.Ke2 Rxg1 33.Nc6 Bb6 34.Ne7+ Kh8 35.Bg5 Rxg2+ 
36.Kd3 Rxg5 37.f4 Rh5 0-1

[Event "HCL-C4049"]
[Site "www.playchess.de"]
[Date "2006.01.21"]
[Round "15"]
[White "valpa"]
[Black "ama49"]
[WhiteElo "1069"]
[BlackElo "1188"]
[PlyCount "79"]
[Result "1/2-1/2"]

1.b4 {Welcome to the new game}  e5 2.Bb2 Nc6 3.b5 
Nd4 4.e3 Nf5 5.Bxe5 d6 6.Bb2 Nf6 7.Nf3 Be7 8.Be2 
O-O 9.O-O Bd7 10.c4 b6 11.Nd4 Nxd4 12.Bxd4 c5 
13.bxc6 Bxc6 14.Bf3 Bxf3 15.Qxf3 Rc8 16.d3 Re8 
17.Nd2 d5 18.cxd5 Nxd5 19.Ne4 h6 20.Rac1 Qd7 
21.Rxc8 Rxc8 22.Qg3 f6 23.Qf3 Rc2 24.Ra1 Qa4 
25.Qh5 Rxa2 26.Rf1 Ra3 27.Rd1 Qc2 28.Rf1 Rxd3 
29.Ng3 Nc3 30.Qe8+ Bf8 31.Nf5 Rd1 32.g3 Rxf1+ 
33.Kxf1 Qxf5 34.Bxc3 Qc5 35.Qe6+ Kh8 36.Bd4 Qb4 
37.Kg2 Bc5 38.Qe8+ Kh7 39.Qe4+ Kg8 40.Qe8+ 
{(offering draw)}  1/2-1/2

[Event "HCL-E1542"]
[Site "www.playchess.de"]
[Date "2006.01.21"]
[Round "6"]
[White "Bauarbeiter"]
[Black "Josef1901"]
[WhiteElo "1805"]
[BlackElo "1562"]
[PlyCount "115"]
[Result "1/2-1/2"]

1.d4 d5 2.c4 c6 3.Nf3 Nf6 4.Nc3 dxc4 5.e3 Bg4 
6.Bxc4 e6 7.a3 Be7 8.O-O O-O 9.h3 Bh5 10.Be2 Nbd7 
11.b4 Qc7 12.Re1 Nd5 13.Ne4 N7f6 14.Ng3 Bg6 15.Ne5 
Bd6 16.Nxg6 hxg6 17.Nf1 Nc3 18.Qd3 Nxe2+ 19.Rxe2 
Rfd8 20.Bb2 Nd5 21.Rc1 a6 22.Nd2 Qe7 23.Ne4 Rac8 
24.Nxd6 Qxd6 25.g3 Qe7 26.Kg2 f5 27.e4 Nf6 28.e5 
Nd5 29.f4 g5 30.Rf1 gxf4 31.gxf4 Qh4 32.Qg3 Qxg3+ 
33.Kxg3 Kf7 34.h4 Rdh8 35.Rh2 Nb6 36.h5 Nc4 37.Bc1 
Rcd8 38.Rd1 Rd5 39.Rc2 Nb6 40.Rh2 Na4 41.Be3 Nc3 
42.Rc1 Nb5 43.a4 Nxd4 44.Rc4 Rhd8 45.Rb2 R8d7 
46.Rd2 Nb3 47.Rxd5 Rxd5 48.Rc3 Nd2 49.Bxd2 Rxd2 
50.b5 axb5 51.axb5 cxb5 52.Rc7+ Kf8 53.Rxb7 Rb2 
54.Kf3 Rb3+ 55.Kg2 b4 56.Kf2 Rh3 57.Rxb4 Rxh5 
58.Rb8+ {(offering draw) Was sagst du zu Remis?} 
 1/2-1/2

[Event "HCL-B3822"]
[Site "www.playchess.de"]
[Date "2006.01.21"]
[Round "16"]
[White "IRONMAIDEN"]
[Black "dynamike"]
[WhiteElo "1337"]
[BlackElo "1610"]
[PlyCount "100"]
[Result "0-1"]

1.d4 Nf6 2.Nc3 d5 3.Bg5 e6 4.g3 Be7 5.Bg2 O-O 
6.Nf3 h6 7.Bf4 a6 8.O-O Nbd7 9.Re1 c5 10.Bh3 Nh5 
11.Be3 c4 12.b3 b5 13.Qd2 Qc7 14.g4 Nhf6 15.g5 b4 
16.Nd1 Ne4 17.Qc1 h5 18.Bf4 Bd6 19.Bxd6 Qxd6 
20.Nh4 c3 21.Qe3 f5 22.Kh1 Bb7 23.f3 Nd2 24.Ng6 
Rfe8 25.Ne5 Rab8 26.g6 Nxe5 27.Qxe5 Qxe5 28.dxe5 
d4 29.Nf2 Red8 30.Nd3 a5 31.Reg1 Rd5 32.f4 Rxe5+ 
33.Bg2 Bxg2+ 34.Rxg2 Rd5 35.Rg5 Rf8 36.Ne5 Ne4 
37.Rxh5 Rf6 38.Rf1 a4 39.Rf3 axb3 40.axb3 Ra5 
41.Kg2 Ra2 42.Rfh3 Kf8 43.Nd7+ Ke7 44.Nxf6 Kxf6 
45.Rg5 Rxc2 46.Rh8 Rxe2+ 47.Kh3 Nxg5+ 48.fxg5+ 
Kxg6 49.Rh4 {hat wohl keinen Sinn mehr bei der 
Übermacht an Bauern}  Kxg5 {Och, laß mich doch 
einmal mit 5 Damen spielen :)}  50.Rxd4 {brauchst 
Du dazu ein Schachbrett???!!!}  Re4 {:)} 
 0-1

[Event "HCL-A2561"]
[Site "www.playchess.de"]
[Date "2006.01.21"]
[Round "9"]
[White "Grand73Am"]
[Black "Loulou"]
[WhiteElo "1416"]
[BlackElo "1480"]
[PlyCount "23"]
[Result "1-0"]

1.e4 e5 2.Nf3 Nc6 3.Bc4 Bc5 4.O-O Nf6 5.Nc3 O-O 
6.Nxe5 Nxe5 7.d4 Nxc4 8.dxc5 d6 9.cxd6 Qxd6 
10.Qxd6 cxd6 11.b3 Ne5 12.Ba3 1-0

[Event "HCL-E1532"]
[Site "www.playchess.de"]
[Date "2006.01.21"]
[Round "10"]
[White "Loulou"]
[Black "PieceSeeker3"]
[WhiteElo "1484"]
[BlackElo "1585"]
[PlyCount "31"]
[Result "0-1"]

1.e4 {gl}  c5 2.Nf3 Nc6 3.Bb5 d6 4.Bxc6+ bxc6 5.d3 
e5 6.Nc3 Nf6 7.h3 Be7 8.O-O O-O 9.Be3 Be6 10.Qd2 
Rb8 11.b3 Nh5 12.Rad1 f5 13.exf5 Rxf5 14.Nh2 Rf7 
15.f4 d5 16.Ne2 0-1